| 000 | 02603nam a2200613 i 4500 | ||
|---|---|---|---|
| 001 | 32875 | ||
| 003 | KOSZ 005 | ||
| 005 | 20220627105429.0 | ||
| 008 | 210805s1996 pl a f 100 0 pol | ||
| 015 | _aUWD 1996/16694 | ||
| 020 | _a8385778616 | ||
| 035 | _a991004451569705066 | ||
| 035 | _a(PL-WaBN)b1117531x-48omnis_nlop | ||
| 035 | _ab1117531x | ||
| 035 | _a(OCoLC)69366298 | ||
| 035 | _a(PL)b0000001117531 | ||
| 035 | _a(EXLNZ-48OMNIS_NETWORK)9910350140405606 | ||
| 040 |
_aWA N _cWA N _dKOSZ 005/RW |
||
| 041 | 0 |
_apol _beng _bger |
|
| 046 | _k1996 | ||
| 080 | _a023 | ||
| 080 | _a37 | ||
| 245 | 0 | 0 |
_aKształcenie bibliotekarzy dla przyszłości : _bmateriały z Ogólnopolskiej Konferencji Stowarzyszenia Bibliotekarzy Polskich, Jachranka k. Warszawy, 22-24 października 1995 : II Forum SBP '95 / _c[redakcja Elżbieta Barbara Zybert, Mieczysław Szyszko] ; Stowarzyszenie Bibliotekarzy Polskich. |
| 246 | 3 | 1 | _aEducating librarians for the future |
| 250 | _aWydanie I. | ||
| 260 |
_aWarszawa : _bWydawnictwo Stowarzyszenia Bibliotekarzy Polskich, _c1996. |
||
| 300 |
_a286, [1] stron : _bfotografie, portrety ; _c21 cm. |
||
| 336 |
_aTekst _btxt _2rdacontent |
||
| 337 |
_aBez urządzenia pośredniczącego _bn _2rdamedia |
||
| 338 |
_aWolumin _bnc _2rdacarrier |
||
| 380 | _aKsiążki | ||
| 380 | _aPublikacje naukowe | ||
| 388 | 1 | _a1901-2000 | |
| 388 | 1 | _a1989-2000 | |
| 490 | 1 |
_aNauka, Dydaktyka, Praktyka = _aScience, Didactics, Practice ; _v19 |
|
| 500 | _aTytuł równoległy : Educating librarians for the future : proceedings of the Polish Librarians Association National Conference, Jachranka n. Warsaw, 22-24 October 1995 : II Forum SBP '95. | ||
| 504 | _aBibliografia na stronie [117]. | ||
| 546 | _aSpis treści także w języku angielskim i niemieckim. | ||
| 650 | 7 |
_aBibliotekarstwo _2DBN |
|
| 650 | 7 | _aSzkolnictwo | |
| 651 | 7 | _aPolska | |
| 655 | 7 |
_aMateriały konferencyjne _2DBN |
|
| 655 | 7 | _aPraca zbiorowa | |
| 658 | _aBibliotekarstwo, archiwistyka, muzealnictwo | ||
| 658 | _aEdukacja i pedagogika | ||
| 700 | 1 |
_aSzyszko, Mieczysław _d(1939-2010) _eRedakcja |
|
| 700 | 1 |
_aZybert, Elżbieta Barbara _eRedakcja |
|
| 710 | 2 | _aStowarzyszenie Bibliotekarzy Polskich | |
| 710 | 2 |
_aWydawnictwo Stowarzyszenia Bibliotekarzy Polskich _4pbl |
|
| 830 | 0 |
_aNauka, Dydaktyka, Praktyka _v19 |
|
| 856 |
_uhttp://koha.tu.koszalin.pl/cgi-bin/koha/opac-detail.pl?biblionumber=32875 _yKatalog online BPK |
||
| 942 |
_2UKD _cKS |
||
| 999 |
_c32875 _d32875 |
||